| 000 | 00787nam a22002412 4500 | ||
|---|---|---|---|
| 001 | 0000020923 | ||
| 005 | 20151217145930.0 | ||
| 008 | 111115s xx 000 0 eng d | ||
| 020 | _a0421796607 : | ||
| 040 |
_aKABU _cKABU |
||
| 100 | 1 |
_aMay, Richard. _@0000181607 |
|
| 245 | 1 | 0 |
_aCriminal evidence / _cRichard May, Steven Powles. |
| 250 | _a5th ed. | ||
| 260 |
_aLondon : _bSweet & Maxwell, _c2004. |
||
| 300 | _axc, 659 p. | ||
| 650 | 0 |
_aEvidence, criminal _zGreat Britain. _@0000181608 |
|
| 700 | 1 |
_aPowles, Steven. _@0000181609 |
|
| 852 | 1 | _9p25575 KES | |
| 852 | 1 | _9p24,106 KES | |
| 852 | 1 | _9p24,106 KES | |
| 908 | _a111115 | ||
| 950 | _@1 | ||
| 999 |
_c4221 _d4221 |
||